000 00395nam a2200145Ia 4500
008 090124s9999 xx 000 0 und d
082 _b133791
_a102931
245 _a मनुष्यहाट
250 _a1
260 _bवैद्य अनुराधा
_c2006
300 _a192
630 _a मनुष्यहाट
730 _a मनुष्यहाट
942 _cBOOK
999 _c180102
_d180102